20 Min - Lil Uzi Vert (Full lyrics) - Statistics

General Stats
  • This quiz has been taken 77 times
  • The average score is 492 of 773
Answer Stats
Lyrics % Correct
I
100%
"I
100%
a
97%
"Girl,
97%
girl
97%
girl,
97%
go
90%
go,
90%
Go
90%
Twenty-
90%
Twenty
90%
twenty
90%
you
90%
You
90%
that
88%
yeah
88%
Yeah,
88%
yeah,
88%
minutes
87%
said,
87%
She
87%
the
87%
keep
85%
to
85%
call
83%
more
83%
why
83%
got'
82%
got
82%
Got
82%
whip,"
82%
callin'?"
80%
callin'?",
80%
"'Cause
80%
'cause
80%
me
80%
me,
80%
need
80%
new
80%
ballin'"
78%
bro
78%
my
77%
show,
77%
show
77%
so
77%
so,
77%
I'm
75%
on
75%
on,
75%
On
75%
until
75%
back
73%
in
72%
know
72%
still
72%
it
70%
It
70%
no
70%
brought
68%
future,
68%
just
68%
He
67%
wanna
67%
slow,
65%
slow
65%
DeLorean
62%
do
62%
one
62%
am
60%
not
60%
told
60%
slaughter
58%
city
57%
her
55%
her,
55%
met
55%
right
55%
this
55%
want
55%
at
53%
but
53%
But
53%
hit
52%
fast
50%
gonna
50%
like
50%
treat
50%
up
50%
dough
48%
before,
47%
before
47%
is
47%
don't
45%
Don't
45%
floor
45%
gotta
43%
Gotta
43%
Listen,
43%
an
42%
crowd
42%
these
42%
These
42%
we
42%
"Baby,
40%
Pass
40%
pass
40%
saw
40%
long"
38%
long
38%
never
38%
ain't
37%
and
37%
get
37%
girls
37%
Out
37%
tonight
37%
your
37%
all
35%
close
35%
'em
35%
man
35%
man,
35%
of
35%
friend,
33%
hoes
33%
left
33%
they
33%
town
33%
town,
33%
niggas
32%
ready,
32%
start
32%
If
30%
girlfriend,
28%
give
28%
mad
28%
roles
28%
switchin'
28%
under
27%
by
25%
for
25%
mornin',
25%
open
25%
Open
25%
might
23%
Money
23%
nose
23%
'Rari,
23%
understand
23%
Drive
22%
legs,
22%
Bugatti
20%
closed
20%
every
20%
flow
20%
it's
20%
movin'
20%
okay,
20%
clean,
18%
phone
18%
tightrope
18%
with
18%
already
17%
big
17%
Changin'
17%
Damn,
17%
life
17%
Livin'
17%
top
17%
Volvo
17%
edge,
15%
most
15%
style
15%
then
15%
urgency
15%
cold,
13%
emergency
13%
Oh
13%
pointers
13%
really
13%
soap
13%
started
13%
toppin'
13%
friends
12%
Jump
12%
Lamb',
12%
sorry
12%
coat
10%
note
10%
target
10%
applaud
8%
Cuban
8%
God,
8%
gun,
8%
holst'
8%
Ice
8%
Only
8%
partyin'
8%
Porsche,
8%
targetin'
8%
was
8%
accordion
7%
bread,
7%
color,
7%
link
7%
ornament
7%
put
7%
snowboard
7%
toast
7%
tree
7%
wasn't
7%
weekend,
7%
bother
5%
choker
5%
crumb,
5%
lied
5%
parkin'
5%
please,
5%
touchin'
5%
tri-
5%
enough
3%
leave
3%
order
3%
No matching quizzes found
Score Distribution
Percent of People with Each Score
Percentile by Number Answered
Your Score History
You have not taken this quiz